Production of pot roses
Saved in:
| Main Authors: | , , |
|---|---|
| Format: | Bog |
| Sprog: | engelsk |
| Udgivet: |
Portland
Timber
1997
|
| Serier: | Growers Handbook Series, 7
|
| Fag: | |
| Tags: |
Tilføj Tag
Ingen Tags, Vær først til at tagge denne postø!
|
MARC
| LEADER | 00000nam a2200000 a 4500 | ||
|---|---|---|---|
| 001 | UCN5944 | ||
| 003 | CL-VaPUC | ||
| 008 | 010913e19970000us |||||||||||||||||eng|d | ||
| 082 | 0 | 4 | |a 635.933734 |b PEM |2 21 |
| 100 | 0 | |a Pemberton, H. Brent |e author |9 461664 | |
| 700 | 0 | |a Kelly, John W |e author |9 461665 | |
| 700 | 0 | |a Ferare, Jacques |e author |9 461666 | |
| 245 | 1 | 0 | |a Production of pot roses |
| 300 | |a 115 p | ||
| 942 | |c BK | ||
| 945 | |d 20010913 00:00:00 |a vberengu | ||
| 260 | |a Portland |b Timber |c 1997 | ||
| 650 | 7 | |a ROSAS |2 CL-VaPUC |9 264768 | |
| 650 | 7 | |a ROSAS - PLAGAS Y ENFERMEDADES |2 CL-VaPUC |9 461667 | |
| 650 | 0 | |a Plantas ornamentales |9 345450 | |
| 583 | |a last modification |c 20171218 06:18:35 |k Rodrigo Vera | ||
| 490 | 0 | |a Growers Handbook Series, 7 | |
| 999 | |c 297046 |d 297044 | ||
| 952 | |0 0 |1 0 |4 0 |6 635_933734000000000_PEM_1997 |7 0 |8 A |9 351430 |a BIBAGR |b BIBAGR |d 2019-11-21 |i 3751902 |o 635.933734 PEM 1997 |p 3751902 |r 2025-01-20 |w 2019-11-21 |y BK |k AGR | ||